Pembagian wilajah Republik Indonesia mendjadi 3 wilajah-waktu dengan 3 waktu tolok. (Record no. 60293)

MARC details
000 -LEADER
fixed length control field 00851cam a22002051 4500
001 - CONTROL NUMBER
control field sa 64007496
003 - CONTROL NUMBER IDENTIFIER
control field DLC
005 - DATE AND TIME OF LATEST TRANSACTION
control field 20260227112047.0
008 - FIXED-LENGTH DATA ELEMENTS--GENERAL INFORMATION
fixed length control field 890529q io b 000 0 ind
010 ## - LIBRARY OF CONGRESS CONTROL NUMBER
LC control number sa 64007496
035 ## - SYSTEM CONTROL NUMBER
System control number (OCoLC)23566256
040 ## - CATALOGING SOURCE
Original cataloging agency DLC
Transcribing agency MiU
Modifying agency DLC
042 ## - AUTHENTICATION CODE
Authentication code premarc
050 00 - LIBRARY OF CONGRESS CALL NUMBER
Classification number QB223
Item number .I55
110 1# - MAIN ENTRY--CORPORATE NAME
Corporate name or jurisdiction name as entry element Indonesia.
Subordinate unit Departemen Penerangan
245 10 - TITLE STATEMENT
Title Pembagian wilajah Republik Indonesia mendjadi 3 wilajah-waktu dengan 3 waktu tolok.
Remainder of title Keputusan Presiden R. I. no. 243 tahun 1963 beserta lampiran-lampiran, pidato-radio Menteri Perhubungan Udara pada tanggal 19 Desember 1963 dan pendjelasan Departemen Penerangan berdasarkan laporan Panitia Penentuan Waktu, Departemen Perhubungan Udara.
260 ## - PUBLICATION, DISTRIBUTION, ETC.
Place of publication, distribution, etc. [Djakarta,
Date of publication, distribution, etc. cover 1963]
300 ## - PHYSICAL DESCRIPTION
Extent 12 p.
Other physical details fold. map.
Dimensions 21 cm.
650 #0 - SUBJECT ADDED ENTRY--TOPICAL TERM
Topical term or geographic name entry element Time
General subdivision Systems and standards

No items available.

Powered by Koha